| 000 | 00877nam a22001937a 4500 | ||
|---|---|---|---|
| 999 |
_c16230 _d16230 |
||
| 003 | AR-CdUCM | ||
| 008 | 190502b ||||| |||| 00| 0 esp d | ||
| 040 |
_aMUNICIPALIDAD PROVINCIAL DEL CUSCO _cBIBLIOTECA MUNICIPAL DEL CUSCO |
||
| 082 |
_a320.1 / _bUM48 |
||
| 100 |
_aGreef, Guillaume Joseph de, _935552 |
||
| 245 |
_aLa evolución de las creencias y de las doctrinas políticas / _cGuillermo de Greef ; versión española de la última edición francesa por Pedro Umbert |
||
| 260 |
_aBarcelona : _bImprenta de Henrich y C, _c1904. |
||
| 300 |
_a167 páginas ; _c16 cm. |
||
| 505 | _aEl Perú antiguo -- Mexico Antiguo -- El Egipto -- El territorio y la población -- La prehistoria -- Los egipcios -- La evolución histórica -- El reino de Etiopía . | ||
| 650 |
_aSociología _9276 |
||
| 700 |
_aPedro Umbert _935553 |
||
| 942 |
_2ddc _cLIBROS |
||
| 945 |
_aacrt _d2019-05-02 |
||